000 00223nam a2200097Ia 4500
001 641141
005 20250826153501.0
008 250824s9999 xx 000 0 und d
245 0 _aBEYAZ DİŞ
_cJACK LONDON
260 _bANONİM
999 _c641141
_d641141